000 00537nam a22001937a 4500
003 OSt
005 20160930134829.0
008 160930b xxu||||| |||| 00| 0 eng d
020 _a0521425581
040 _cDNLM.
082 _aWL100M732 1995.
100 _aEdited by Roberts,W.Gareth;Polak,M.Julia;
_911124
245 _aMolecular Neuropathalogy.
260 _aCambridge :
_bCambridge University Press.
_c1995.
300 _aix,189p;
_bill;
_c24cm.
504 _aReferences and Index.
650 _aPathology.
_937
942 _2z
_cO_SHELF
999 _c5294
_d5294